Dilemmas of discourse : controversies about the sociological interpretation of language /

Saved in:
Bibliographic Details
Main Author: Wootton, Anthony J., 1943-
Format: Book
Language:English
Published: New York : Holmes & Meier, 1976, c1975.
Series:Controversies in sociology ; 4
Subjects:
LEADER 01000nam a2200265 i 4500
001 c000136911
003 CARM
005 00000000000000.0
008 751014c19761975nyu b 00110 eng
019 1 |a 242027  |z 55585842  |5 LACONCORD2021 
020 |a 084190247X 
035 |a (OCoLC)1858417  |5 LACONCORD2021 
050 0 0 |a P40  |b .W6 1976 
100 1 |a Wootton, Anthony J.,  |d 1943- 
245 1 0 |a Dilemmas of discourse :  |b controversies about the sociological interpretation of language /  |c by Anthony Wootton. 
260 |a New York :  |b Holmes & Meier,  |c 1976, c1975. 
300 |a 125 p. ;  |c 23 cm. 
490 0 |a Controversies in sociology ; 4 
500 |a Includes index. 
504 |a Bibliography: p. [117]-122. 
650 0 |a Sociolinguistics. 
852 8 |b CARM  |h A2:AI13A0  |i B04156  |p 0191968  |f BK 
082 0 4 |a 301.2/1 
999 f f |i a455fcbd-7a16-5d9d-8367-87118663ba9d  |s 735dc33e-ec4c-5d56-99c0-b158892169d8 
952 f f |p Can circulate  |a CAVAL  |b CAVAL  |c CAVAL  |d CARM 1 Store  |e B04156  |f A2:AI13A0  |h Other scheme  |i book  |m 0191968